Spravočnik svarščika-sudostrojiteľa /

Gespeichert in:
Bibliographische Detailangaben
Hauptverfasser: Drejzenštok, Zundeľ B (Verfasst von), Luškov, Natan L (Verfasst von)
Format: Buch
Sprache:Russisch
Veröffentlicht: Leningrad : Sudostrojenije, 1977
Ausgabe:3.pererab.i dopol.izd.
Schlagworte:
Tags: Tag hinzufügen
Keine Tags, Fügen Sie das erste Tag hinzu!

MARC

LEADER 00000nam a22000003a 4500
001 stu35662
005 20150617225655.6
008 920430s1977----xxr-----------------rus-d
040 |a STU  |b slo 
041 0 |a rus 
044 |a xxr 
080 |a 629.12 
100 1 |a Drejzenštok, Zundeľ B  |4 aut 
245 1 |a Spravočnik svarščika-sudostrojiteľa /  |c [aut.]Zundeľ B. Drejzenštok, Natan L. Luškov 
250 |a 3.pererab.i dopol.izd. 
260 |a Leningrad :  |b Sudostrojenije,  |c 1977 
300 |a 350 s 
650 7 |a Lode  |2 stusub 
650 7 |a konštruovanie  |2 stusub 
700 1 |a Luškov, Natan L  |4 aut 
996 |b 284M055286  |c M*7213-1  |l MMKN  |s A  |a 24  |w stu35662_0001